000
00332nam a2200133 a 4500
005
20140414131920.0
008
101022s19uu xx 00 eng d
050
_a
ER
_b
K13 199?
100
_a
Milne, A. A.
245
_a
Kanga and baby Roo come to the forest.
260
_b
Dutton Children's Book.
440
_a
999
_c
111677
_d
111677